| 000 | 01810nam a22002417a 4500 | ||
|---|---|---|---|
| 003 | UPN | ||
| 005 | 20241105063727.0 | ||
| 008 | 220331t2009 mx|||||fr|||| 00| 0 spa d | ||
| 020 | _a9786077879046 | ||
| 040 |
_aMX-MxUPN _bspa _cMX-MxUPN |
||
| 050 | 1 | 4 |
_aLC92 M6 _bT7.3 2010 |
| 245 | 0 | 0 |
_aTransformación posible de la educación para la niñez indígena : _bcontextos, alianzas y redes / _c[coord. gral. Rosalinda Morales Garza]. |
| 260 |
_aMéxico, : _bSEP, Subsecretaría de Educación Básica , _c2010 |
||
| 300 |
_a474 p. : _bil. (algunas col.) |
||
| 500 | _aFecha de edición en reverso de la portada: 2009. | ||
| 505 | 0 | _aTransformación educativa y gestión de la diversidad / Rosalinda Morales Garza .-- Aproximaciones a la política pública con enfoque de derechos humanos en la educación indígena / Rosy Laura Castellanos Mariano. -- Visiones positivas de los pueblos indígenas en los libros de texto (1892-19489 : una celebración de los centenarios / Alicia Xóchitl Olvera Rosas. -- Marcos curriculares para entender la diversidad étnica / Alicia Xóchitl Olvera Rosas. -- De la gestión al tequio : diversidad cultural, democracia y trabajo colaborativo : apuntes para una gestión desde educación indígena.-- La educación bilingüe en contextos plurilingües / Eleuterio Olarte Tiburcio. -- Arte, práctica y reflexión : docentes que hacen la diferencia / Yesid Sierra. -- Las comunidades hablan / Marcelino Hernández Beatriz. -- En los contextos de la educación y los pueblos indígenas / Edgar Alcantar Corchado. | |
| 650 | 1 | 4 |
_aEducación y Estado _zMéxico _9476 |
| 650 | 1 | 4 |
_aIndígenas de México _xEducación _910 |
| 650 | 1 | 4 |
_aEducación intercultural _zMéxico _914189 |
| 700 | 1 |
_943281 _aMorales Garza, Rosalinda _ecoord. |
|
| 942 |
_2lcc _cLIBRO |
||
| 999 |
_c208338 _d208338 |
||